Kooperatívna okružná úloha
Prepojenie okružných úloh s teóriou hier v prípade kooperatívneho správania jednotlivých hráčov, resp. logistických spoločností, na základe čoho boli zostavené zodpovedajúce matematické modely. Teóriu kooperatívnych hier označujeme ako model spolupráce firiem, z ktorého vyplývajú značné benefity pre...
Guardado en:
| Autor principal: | |
|---|---|
| Otros Autores: | |
| Formato: | Capítulo de libro |
| Lenguaje: | eslovaco |
| Materias: | |
| Etiquetas: |
Sin Etiquetas, Sea el primero en etiquetar este registro!
|
MARC
| LEADER | 00000nla a2200000 4500 | ||
|---|---|---|---|
| 001 | 0237686 | ||
| 005 | 20240502073836.8 | ||
| 041 | 0 | |a slo | |
| 044 | |a SK | ||
| 245 | 1 | 0 | |a Kooperatívna okružná úloha |c Dana Figurová, Zuzana Čičková |
| 520 | |a Prepojenie okružných úloh s teóriou hier v prípade kooperatívneho správania jednotlivých hráčov, resp. logistických spoločností, na základe čoho boli zostavené zodpovedajúce matematické modely. Teóriu kooperatívnych hier označujeme ako model spolupráce firiem, z ktorého vyplývajú značné benefity pre jednotlivé logistické spoločnosti. Základnou úvahou je to, že práve kooperácia medzi spoločnosťami vedie k znižovaniu nákladov na prepravu a teda môže viesť k zvýšeniu výkonu a celkového zisku. | ||
| 610 | 2 | 0 | |a podnik logistický |
| 610 | 2 | 0 | |a preprava |
| 610 | 2 | 0 | |a teória hier |
| 610 | 2 | 0 | |a spolupráca podnikov |
| 610 | 2 | 0 | |a znižovanie nákladov |
| 610 | 2 | 0 | |a zisk |
| 610 | 2 | 0 | |a modely matematické |
| 100 | 1 | |a Figurová, Dana | |
| 700 | 1 | |a Čičková, Zuzana, 1978- | |